[Event "ch-RUS Girls 2014"]
[Site "Loo RUS"]
[Date "2014.04.20"]
[Round "5.4"]
[White "Khlichkova, Tatiana"]
[Black "Grigoryeva, Olga A."]
[Result "1-0"]
[WhiteTitle "WFM"]
[BlackTitle "WFM"]
[WhiteElo "2215"]
[BlackElo "2187"]
[WhiteFideId "24145084"]
[BlackFideId "24132594"]
[EventDate "2014.04.16"]

1. d4 d5 2. Bg5 Nc6 3. e3 f6 4. Bh4 Nh6 5. c4 e6 6. Nc3 Nf5 7. Bg3 h5 8. h3 Nxg3
9. fxg3 Ne7 10. Qf3 c6 11. O-O-O Qa5 12. g4 hxg4 13. Qxg4 e5 14. Qg3 e4 15. cxd5
Nxd5 16. Nge2 Bf5 17. Nxd5 cxd5 18. Nc3 Rc8 19. Kb1 a6 20. Be2 Bb4 21. Qxg7 Rh7
22. Qxf6 Rxc3 23. Qxf5 Rcc7 24. Rhf1 b6 25. Qe6+ Rhe7 26. Bh5+ Kd8 27. Rf8+ 1-0

[Event "ch-RUS Girls 2014"]
[Site "Loo RUS"]
[Date "2014.04.20"]
[Round "5.5"]
[White "Bivol, Alina"]
[Black "Baraeva, Irina"]
[Result "1/2-1/2"]
[WhiteTitle "WIM"]
[BlackTitle "WIM"]
[WhiteElo "2245"]
[BlackElo "2135"]
[WhiteFideId "4100123"]
[BlackFideId "24142565"]
[EventDate "2014.04.16"]

1. d4 d5 2. c4 c6 3. Nf3 Nf6 4. Qb3 dxc4 5. Qxc4 Bg4 6. Nc3 Nbd7 7. e4 Bxf3 8.
gxf3 e5 9. Be3 exd4 10. Bxd4 Bd6 11. O-O-O Qe7 12. Ne2 O-O 13. Ng3 g6 14. Rg1
Kh8 15. Kb1 Be5 16. Be3 Nb6 17. Qc2 Rad8 18. Be2 Qc7 19. h4 Rxd1+ 20. Bxd1 Rd8
21. Ne2 Nh5 22. Qc1 Qd7 23. Bb3 Qd3+ 24. Qc2 Kg8 25. f4 Bf6 26. Qxd3 Rxd3 27. f5
Kf8 28. Kc2 Rd8 29. fxg6 hxg6 30. Rh1 Re8 31. f3 Kg7 32. a4 Nc8 33. Bf2 a6 34.
Rd1 Rd8 35. e5 Be7 36. Rg1 Bb4 37. Be3 Ne7 38. Bg5 Rd7 39. Rg4 Bc5 40. Re4 Nd5
41. Bxd5 Rxd5 42. b4 Bf8 43. Bd2 Be7 44. Bc3 Kf8 45. Rg4 Rd8 46. e6 Bf6 47. exf7
Kxf7 48. Bd2 Ng7 49. Rf4 Rh8 50. b5 cxb5 51. axb5 Rxh4 52. bxa6 bxa6 53. Rxh4
Bxh4 54. Nd4 Ne6 55. Nc6 Bg3 56. Kd3 Kf6 57. Ke4 Nc5+ 58. Kd5 Bf2 59. Bc3+ Kg5
60. Ne5 Kf5 61. Ng4 Bg1 62. Kc4 Kf4 63. Bd2+ Kf5 64. Be3 Bxe3 65. Nxe3+ Kf4 66.
Nd5+ Kxf3 67. Kxc5 g5 68. Nf6 Kf4 69. Kb6 Kf5 70. Nd5 Ke5 71. Ne3 Kf4 72. Nd5+
Ke4 73. Nf6+ Ke5 74. Ng4+ Kf5 75. Ne3+ Ke5 1/2-1/2

[Event "ch-RUS Girls 2014"]
[Site "Loo RUS"]
[Date "2014.04.21"]
[Round "6.1"]
[White "Petrukhina, Irina"]
[Black "Pustovoitova, Daria"]
[Result "0-1"]
[WhiteTitle "WFM"]
[BlackTitle "FM"]
[WhiteElo "2145"]
[BlackElo "2295"]
[WhiteFideId "4132432"]
[BlackFideId "4182146"]
[EventDate "2014.04.16"]

1. d4 Nf6 2. c4 e6 3. Nf3 d5 4. g3 dxc4 5. Bg2 a6 6. Ne5 c5 7. Na3 cxd4 8. Naxc4
Bc5 9. O-O O-O 10. a3 Nd5 11. b4 Ba7 12. Bb2 f6 13. Nd3 Nc6 14. Qb3 Nce7 15.
Rfd1 e5 16. Nc5 Kh8 17. Rac1 b6 18. Ne4 Be6 19. b5 axb5 20. Qxb5 Nc7 21. Qb4 b5
22. Ncd6 Bd5 23. Nxb5 Nxb5 24. Qxb5 Rb8 25. Qa6 Rxb2 26. Qxa7 Rxe2 27. Rc7 Nc8
28. Qc5 Bxe4 29. Bxe4 Rxe4 30. Rc1 Nd6 31. Qc6 d3 32. Rd7 d2 33. Rxd8 Rxd8 34.
Rf1 Re1 35. Qc2 Nc4 36. Qxc4 Rxf1+ 0-1

[Event "ch-RUS Girls 2014"]
[Site "Loo RUS"]
[Date "2014.04.21"]
[Round "6.2"]
[White "Eryshkanova, Anastasiya"]
[Black "Styazhkina, Anna"]
[Result "0-1"]
[WhiteTitle "WFM"]
[BlackTitle "WIM"]
[WhiteElo "2140"]
[BlackElo "2232"]
[WhiteFideId "24119059"]
[BlackFideId "24119300"]
[EventDate "2014.04.16"]

1. d4 d5 2. c4 c6 3. Nf3 Nf6 4. Qc2 g6 5. e3 Bg7 6. Nc3 O-O 7. b3 c5 8. Bb2 cxd4
9. Nxd4 e5 10. Nf3 d4 11. Nd1 Bf5 12. Qc1 Nc6 13. Nh4 Be6 14. exd4 exd4 15. Bd3
Nb4 16. Bb1 Ng4 17. Qd2 Qxh4 18. Qxb4 Rfe8 19. Kf1 Rad8 20. h3 Be5 21. Bd3 Nh2+
22. Kg1 Bxh3 23. Be4 Qxe4 24. gxh3 Nf3+ 25. Kf1 Nd2+ 26. Kg1 Nf3+ 27. Kf1 Bd6 0-1

[Event "ch-RUS Girls 2014"]
[Site "Loo RUS"]
[Date "2014.04.21"]
[Round "6.3"]
[White "Bivol, Alina"]
[Black "Tomnikova, Lidia"]
[Result "1-0"]
[WhiteTitle "WIM"]
[BlackTitle "WIM"]
[WhiteElo "2245"]
[BlackElo "2184"]
[WhiteFideId "4100123"]
[BlackFideId "4113110"]
[EventDate "2014.04.16"]

1. e4 e5 2. Nf3 Nc6 3. Bc4 Nf6 4. Ng5 d5 5. exd5 Na5 6. Bb5+ c6 7. dxc6 bxc6 8.
Bd3 Ng4 9. Ne4 f5 10. Be2 Nh6 11. Ng3 Bc5 12. c3 Bb6 13. d3 Ng4 14. Bxg4 fxg4
15. b4 Nb7 16. O-O O-O 17. Na3 Nd6 18. Be3 Be6 19. Qe2 Re8 20. Nc2 Bxe3 21. fxe3
a5 22. e4 Nb5 23. Qd2 axb4 24. Nxb4 Ra3 25. Kh1 c5 26. Nd5 Bxd5 27. exd5 Nxc3
28. Qc1 Qa8 29. d6 Nd5 30. Nh5 Rxd3 31. Qg5 Qb7 32. Qxg4 Ne3 33. Nf6+ Kf7 34.
Nxe8+ Kxe8 35. Qe6+ 1-0

[Event "ch-RUS Girls 2014"]
[Site "Loo RUS"]
[Date "2014.04.21"]
[Round "6.4"]
[White "Severina, Maria"]
[Black "Khlichkova, Tatiana"]
[Result "0-1"]
[WhiteTitle "WIM"]
[BlackTitle "WFM"]
[WhiteElo "2212"]
[BlackElo "2215"]
[WhiteFideId "4116909"]
[BlackFideId "24145084"]
[EventDate "2014.04.16"]

1. Nf3 f5 2. g3 Nf6 3. Bg2 g6 4. O-O Bg7 5. d4 O-O 6. b3 Ne4 7. Bb2 d5 8. c4 e6
9. Ne5 Nd7 10. f3 Nd6 11. Nxd7 Bxd7 12. c5 Nf7 13. Nc3 f4 14. gxf4 Nh6 15. e3
Nf5 16. Qe2 Qh4 17. Nd1 Bh6 18. Nf2 Nxe3 19. Rfe1 Bxf4 20. Nh3 Bh6 21. Nf2 e5
22. Nd3 e4 23. fxe4 Bg4 24. Qxe3 Bxe3+ 25. Rxe3 Bf3 26. Rxf3 Rxf3 27. Bxf3 dxe4
28. Bg2 exd3 29. Bd5+ Kg7 30. Bc4 Rf8 31. d5+ Kh6 0-1

[Event "ch-RUS Girls 2014"]
[Site "Loo RUS"]
[Date "2014.04.21"]
[Round "6.5"]
[White "Baraeva, Irina"]
[Black "Grigoryeva, Olga A."]
[Result "1-0"]
[WhiteTitle "WIM"]
[BlackTitle "WFM"]
[WhiteElo "2135"]
[BlackElo "2187"]
[WhiteFideId "24142565"]
[BlackFideId "24132594"]
[EventDate "2014.04.16"]

1. d4 Nf6 2. c4 c5 3. d5 b5 4. cxb5 a6 5. bxa6 Bxa6 6. Nc3 d6 7. e4 Bxf1 8. Kxf1
g6 9. Nf3 Nbd7 10. g3 Bg7 11. Kg2 O-O 12. a4 Qa5 13. Bd2 Qb4 14. Qe2 Ng4 15.
Rhb1 Nge5 16. Nxe5 Bxe5 17. Nb5 Qb3 18. Bh6 Rxa4 19. Rxa4 Qxa4 20. Bxf8 Kxf8 21.
Nc3 Qb4 22. Qc2 Nb6 23. Na2 Qc4 24. Qxc4 Nxc4 25. b4 cxb4 26. Rxb4 Na3 27. Rb8+
Kg7 28. Nb4 f5 29. Rb7 Bf6 30. Nc6 Kf8 31. exf5 gxf5 32. Kf3 Nc2 33. Kf4 Ne1 34.
Kxf5 Nd3 35. f3 Nc5 36. Rb8+ Kg7 37. Nd8 Nd7 38. Ne6+ Kh6 39. Rg8 Nb6 40. g4 Be5
41. f4 Bc3 42. Ke4 1-0

[Event "ch-RUS Girls 2014"]
[Site "Loo RUS"]
[Date "2014.04.22"]
[Round "7.1"]
[White "Khlichkova, Tatiana"]
[Black "Petrukhina, Irina"]
[Result "1-0"]
[WhiteTitle "WFM"]
[BlackTitle "WFM"]
[WhiteElo "2215"]
[BlackElo "2145"]
[WhiteFideId "24145084"]
[BlackFideId "4132432"]
[EventDate "2014.04.16"]

1. d4 Nf6 2. Bg5 Ne4 3. Bf4 d5 4. e3 c5 5. f3 Nf6 6. Nc3 Nc6 7. Nb5 e5 8. Bxe5
Nxe5 9. dxe5 Nd7 10. Qxd5 a6 11. Bc4 Qh4+ 12. g3 Qxc4 13. Qxc4 axb5 14. Qxb5 Be7
15. Ne2 O-O 16. f4 Nb8 17. O-O Nc6 18. Nc3 Nb4 19. Qe2 b6 20. Qg2 Ba6 21. Rfd1
Ra7 22. a3 Bb7 23. e4 Rfa8 24. Rac1 Nc6 25. Rd7 Ba6 26. Rxa7 Rxa7 27. Nd5 Bd8
28. c3 Bd3 29. Re1 Ra4 30. Qh3 Bb5 31. Qc8 Kf8 32. Nxb6 Ra7 33. Rd1 Ke8 34. c4 1-0

[Event "ch-RUS Girls 2014"]
[Site "Loo RUS"]
[Date "2014.04.22"]
[Round "7.2"]
[White "Pustovoitova, Daria"]
[Black "Eryshkanova, Anastasiya"]
[Result "1/2-1/2"]
[WhiteTitle "FM"]
[BlackTitle "WFM"]
[WhiteElo "2295"]
[BlackElo "2140"]
[WhiteFideId "4182146"]
[BlackFideId "24119059"]
[EventDate "2014.04.16"]

1. d4 d5 2. c4 e5 3. dxe5 d4 4. Nf3 Nc6 5. a3 Nge7 6. b4 Ng6 7. Bb2 a5 8. b5
Ncxe5 9. Nxe5 Nxe5 10. e3 Be6 11. Bxd4 Nxc4 12. Qc2 Nd6 13. Bd3 Qd7 14. Nc3 Nf5
15. Be4 Nxd4 16. exd4 O-O-O 17. d5 f5 18. dxe6 Qxe6 19. O-O fxe4 20. Nxe4 Rd4
21. Rfe1 Qc4 22. Qb1 g6 23. f3 Bh6 24. Ra2 Rd5 25. Rc2 Qd4+ 26. Kh1 Rhd8 27. h3
Kb8 28. Nc3 R5d7 29. Re4 Qf6 30. Re1 Bf4 31. Ne4 Qh4 32. Rce2 Rd3 33. b6 R3d5
34. Kg1 cxb6 35. Qxb6 Bc7 36. Qb3 Rd3 37. Qb5 R3d5 38. Qb3 Rd3 39. Qb5 R3d5 1/2-1/2

[Event "ch-RUS Girls 2014"]
[Site "Loo RUS"]
[Date "2014.04.22"]
[Round "7.3"]
[White "Styazhkina, Anna"]
[Black "Bivol, Alina"]
[Result "0-1"]
[WhiteTitle "WIM"]
[BlackTitle "WIM"]
[WhiteElo "2232"]
[BlackElo "2245"]
[WhiteFideId "24119300"]
[BlackFideId "4100123"]
[EventDate "2014.04.16"]

1. e4 d6 2. d4 Nf6 3. Nc3 g6 4. Be3 a6 5. Bd3 Bg7 6. h3 O-O 7. f4 Nbd7 8. Nf3 c5
9. e5 Nh5 10. Qd2 cxd4 11. Bxd4 Qa5 12. exd6 Bxd4 13. Nxd4 Qb6 14. dxe7 Re8 15.
Nce2 Qxb2 16. O-O Ng3 17. Rab1 Nxe2+ 18. Bxe2 Qa3 19. Bf3 Rxe7 20. Bxb7 Bxb7 21.
Rxb7 Nf6 22. Rxe7 Qxe7 23. Re1 Qc5 24. Qf2 Rc8 25. f5 g5 26. Qe3 h6 27. Rd1 Re8
28. Qf2 Ne4 29. Qf3 Nc3 30. Rd2 Re1+ 31. Kf2 Re4 32. Qd3 Rf4+ 33. Ke1 Qe5+ 34.
Ne2 Nxe2 35. Rxe2 Qa1+ 36. Kd2 Rd4 37. Re8+ Kh7 38. g4 Rxd3+ 39. Kxd3 Qxa2 40.
c4 a5 41. Kd4 a4 42. c5 Qd2+ 43. Kc4 a3 44. c6 a2 45. Ra8 Qc1+ 46. Kd4 0-1

[Event "ch-RUS Girls 2014"]
[Site "Loo RUS"]
[Date "2014.04.22"]
[Round "7.4"]
[White "Grigoryeva, Olga A."]
[Black "Severina, Maria"]
[Result "0-1"]
[WhiteTitle "WFM"]
[BlackTitle "WIM"]
[WhiteElo "2187"]
[BlackElo "2212"]
[WhiteFideId "24132594"]
[BlackFideId "4116909"]
[EventDate "2014.04.16"]

1. c4 Nf6 2. Nc3 e5 3. Nf3 Nc6 4. g3 d5 5. cxd5 Nxd5 6. Bg2 Nb6 7. O-O Be7 8. a3
O-O 9. d3 Be6 10. b4 a5 11. b5 Nd4 12. Bb2 f6 13. Nd2 Qc8 14. Re1 a4 15. Rc1 Rd8
16. Nf3 Bb3 17. Qd2 Nc4 18. Nd5 Rxd5 19. Rxc4 Nxf3+ 20. Bxf3 Bxc4 21. Qc3 Bb3
22. Bxd5+ Bxd5 23. e4 Bf7 24. d4 exd4 25. Qxd4 Bd6 26. f4 b6 27. Kg2 Bc5 28. Qc3
Qd8 0-1

[Event "ch-RUS Girls 2014"]
[Site "Loo RUS"]
[Date "2014.04.22"]
[Round "7.5"]
[White "Tomnikova, Lidia"]
[Black "Baraeva, Irina"]
[Result "0-1"]
[WhiteTitle "WIM"]
[BlackTitle "WIM"]
[WhiteElo "2184"]
[BlackElo "2135"]
[WhiteFideId "4113110"]
[BlackFideId "24142565"]
[EventDate "2014.04.16"]

1. e4 d5 2. exd5 Qxd5 3. d4 Nc6 4. Nf3 Bg4 5. Be2 O-O-O 6. c4 Qd7 7. d5 Bxf3 8.
Bxf3 Ne5 9. Be2 e6 10. O-O Nf6 11. dxe6 Qxe6 12. Qa4 Bc5 13. Nc3 Neg4 14. Bf4
Nxf2 15. Rxf2 Bxf2+ 16. Kxf2 Qf5 17. Qxa7 Qxf4+ 18. Ke1 c6 19. Qa8+ Kc7 20. Qa5+
Kb8 21. Na4 Ne4 22. Qb6 c5 0-1

[Event "ch-RUS Girls 2014"]
[Site "Loo RUS"]
[Date "2014.04.23"]
[Round "8.1"]
[White "Petrukhina, Irina"]
[Black "Grigoryeva, Olga A."]
[Result "1-0"]
[WhiteTitle "WFM"]
[BlackTitle "WFM"]
[WhiteElo "2145"]
[BlackElo "2187"]
[WhiteFideId "4132432"]
[BlackFideId "24132594"]
[EventDate "2014.04.16"]

1. d4 d6 2. Nf3 g6 3. c4 Bg7 4. Nc3 e6 5. Bg5 Ne7 6. e3 h6 7. Bh4 b6 8. Be2 Bb7
9. Qc2 Nd7 10. O-O a6 11. Rfd1 O-O 12. Rac1 Qe8 13. b4 Nf5 14. Bg3 Rc8 15. Na4
Nxg3 16. hxg3 Nf6 17. c5 Be4 18. Qb3 b5 19. Nc3 Bxf3 20. Bxf3 d5 21. c6 Rb8 22.
e4 dxe4 23. Nxe4 Nxe4 24. Bxe4 Kh7 25. d5 f5 26. Bf3 e5 27. d6 e4 28. d7 Qe7 29.
Be2 Be5 30. Rd5 Bf6 31. Rcd1 Rfd8 32. Rc5 Be5 33. a3 Rb6 34. Qd5 Bd6 35. Rc3 Be5
36. Rc5 Bd6 37. Rc3 Be5 38. Rb3 Qf6 39. Rc1 h5 40. Rc2 Bd4 41. Kf1 Be5 42. Bd1
Kg7 43. Re3 Bd4 44. Ree2 Bc3 45. Re3 Rxc6 46. Be2 Rd6 47. Qb7 Bd4 48. Rb3 Qf7
49. Rb1 R8xd7 50. Rbc1 c5 51. bxc5 Bxc5 52. Qc8 Bxa3 53. Qc3+ Qf6 54. Qxa3 h4
55. Kg1 hxg3 56. Qxg3 f4 57. Qg4 Qf5 58. Ra2 Rf7 59. Qxf5 gxf5 60. Rca1 Rff6 61.
Bd1 Rg6 62. Kf1 Kf8 63. Rc2 Ke7 64. Rc5 Rgf6 65. Bb3 Rh6 66. Ke2 Rd3 67. Bc2 f3+
68. gxf3 Rxf3 69. Rc7+ Kd8 70. Ra7 Rh2 71. Rf1 Ra3 72. Rg1 1-0

[Event "ch-RUS Girls 2014"]
[Site "Loo RUS"]
[Date "2014.04.23"]
[Round "8.2"]
[White "Eryshkanova, Anastasiya"]
[Black "Khlichkova, Tatiana"]
[Result "0-1"]
[WhiteTitle "WFM"]
[BlackTitle "WFM"]
[WhiteElo "2140"]
[BlackElo "2215"]
[WhiteFideId "24119059"]
[BlackFideId "24145084"]
[EventDate "2014.04.16"]

1. Nf3 f5 2. e4 fxe4 3. Ng5 Nf6 4. d3 e3 5. Bxe3 d5 6. d4 Bf5 7. Bd3 Qd7 8. Nc3
Nc6 9. Bxf5 Qxf5 10. Qe2 h6 11. Nf3 O-O-O 12. O-O-O g5 13. h3 Ne4 14. Na4 e6 15.
Kb1 a6 16. g4 Qf7 17. Nd2 Nd6 18. Nc5 Bg7 19. Ndb3 Nc4 20. h4 gxh4 21. f4 b6 22.
Na4 Kb7 23. Bc1 Qe7 24. Nc3 Qb4 25. Ka1 Rhe8 26. Rh3 a5 27. a3 Qe7 28. Na4 Ka7
29. Nc3 Kb7 30. Na4 Ra8 31. Qf2 Kc8 32. Re1 b5 33. Nac5 Nxd4 34. f5 e5 35. Nxd4
Qxc5 36. f6 Bf8 37. Qf5+ Kb7 38. Nxb5 a4 39. Nc3 Qc6 40. Rd3 Ra5 41. Qh7 e4 42.
f7 Rb8 43. Rh3 Ka8 44. Nxd5 Qxd5 45. Qxe4 Nd6 46. Qe2 Qxf7 47. Rf3 Qc4 48. Qf2
Bg7 49. Rf4 Qc5 50. Qf3+ Qd5 51. Qxd5+ Rxd5 52. Re7 Be5 53. Rxa4+ Kb7 54. Be3
Kc8 55. c3 h3 56. Bxh6 h2 0-1

[Event "ch-RUS Girls 2014"]
[Site "Loo RUS"]
[Date "2014.04.23"]
[Round "8.3"]
[White "Bivol, Alina"]
[Black "Pustovoitova, Daria"]
[Result "0-1"]
[WhiteTitle "WIM"]
[BlackTitle "FM"]
[WhiteElo "2245"]
[BlackElo "2295"]
[WhiteFideId "4100123"]
[BlackFideId "4182146"]
[EventDate "2014.04.16"]

1. e4 c5 2. Nf3 d6 3. d4 cxd4 4. Nxd4 Nf6 5. Nc3 a6 6. Be2 e6 7. O-O Be7 8. f4
O-O 9. Kh1 Qc7 10. Qe1 b5 11. Bf3 Bb7 12. e5 dxe5 13. fxe5 Nfd7 14. Qg3 Kh8 15.
Bf4 Nc6 16. Nxc6 Bxc6 17. Ne4 Qb7 18. Rae1 b4 19. Qh3 Rac8 20. Re3 Bd5 21. c3
bxc3 22. bxc3 Rc4 23. Ng5 h6 24. Ne4 Bxe4 25. Bxh6 Bxf3 26. Bg5+ Kg8 27. Bxe7
Bg4 28. Qh4 Be2 29. Qg5 Rg4 0-1

[Event "ch-RUS Girls 2014"]
[Site "Loo RUS"]
[Date "2014.04.23"]
[Round "8.4"]
[White "Tomnikova, Lidia"]
[Black "Styazhkina, Anna"]
[Result "0-1"]
[WhiteTitle "WIM"]
[BlackTitle "WIM"]
[WhiteElo "2184"]
[BlackElo "2232"]
[WhiteFideId "4113110"]
[BlackFideId "24119300"]
[EventDate "2014.04.16"]

1. e4 d5 2. exd5 Qxd5 3. Nf3 Bg4 4. Be2 Nc6 5. d4 O-O-O 6. c4 Qf5 7. Be3 Bxf3 8.
Bxf3 Nxd4 9. Bg4 Nc2+ 10. Qxc2 Qxg4 11. O-O a6 12. c5 Qg6 13. Qc4 e5 14. Nc3 Ne7
15. b4 Qd3 16. Qb3 Nd5 17. Nxd5 Qxb3 18. axb3 Rxd5 19. b5 axb5 20. Ra8+ Kd7 21.
f4 exf4 22. Rxf4 Bxc5 23. Rxf7+ Ke6 24. Bxc5 Rxa8 25. Rxc7 Rd7 26. Rxd7 Kxd7 27.
Kf2 Ra2+ 28. Kf3 Ke6 29. h3 Rb2 30. b4 b6 31. Bd4 Rb3+ 32. Kf2 g6 33. Be5 Kxe5 0-1

[Event "ch-RUS Girls 2014"]
[Site "Loo RUS"]
[Date "2014.04.23"]
[Round "8.5"]
[White "Baraeva, Irina"]
[Black "Severina, Maria"]
[Result "1-0"]
[WhiteTitle "WIM"]
[BlackTitle "WIM"]
[WhiteElo "2135"]
[BlackElo "2212"]
[WhiteFideId "24142565"]
[BlackFideId "4116909"]
[EventDate "2014.04.16"]

1. d4 Nf6 2. c4 e6 3. Nf3 b6 4. g3 Bb7 5. Bg2 Be7 6. O-O O-O 7. Nc3 Ne4 8. Bd2
Bf6 9. Ne5 Nxc3 10. Bxc3 Bxg2 11. Kxg2 g6 12. e4 Bg7 13. f4 d6 14. Nf3 Nd7 15.
Qd3 Qe7 16. Rae1 a5 17. e5 Rfd8 18. Qc2 c5 19. d5 exd5 20. cxd5 b5 21. e6 Nb6
22. Bxg7 Kxg7 23. Qd3 f6 24. f5 Rf8 25. Rd1 Rab8 26. Nd2 Nc4 27. Nxc4 bxc4 28.
Qc3 Qb7 29. Rf2 Qb4 30. Rc1 gxf5 31. Qxc4 Qxc4 32. Rxc4 Rb4 33. Rcf4 Rxf4 34.
Rxf4 Kg6 35. Ra4 Rb8 36. b3 f4 37. Rxf4 f5 38. Kf3 h5 39. h3 Rb7 40. Ke3 Rh7 41.
Kf3 a4 42. Rxa4 Kf6 43. Rc4 Ke5 44. Rc2 Kxd5 45. Re2 Re7 46. Kf4 Rxe6 47. Rxe6
Kxe6 48. a4 h4 49. gxh4 d5 50. h5 c4 51. bxc4 dxc4 52. Ke3 c3 53. Kd3 1-0

[Event "ch-RUS Girls 2014"]
[Site "Loo RUS"]
[Date "2014.04.24"]
[Round "9.1"]
[White "Severina, Maria"]
[Black "Petrukhina, Irina"]
[Result "1/2-1/2"]
[WhiteTitle "WIM"]
[BlackTitle "WFM"]
[WhiteElo "2212"]
[BlackElo "2145"]
[WhiteFideId "4116909"]
[BlackFideId "4132432"]
[EventDate "2014.04.16"]

1. c4 Nf6 2. Nc3 d5 3. cxd5 Nxd5 4. g3 g6 5. Bg2 Nb6 6. d3 Bg7 7. Be3 Nc6 8. Nf3
e5 9. Bc5 Ne7 10. h4 h5 11. Qb3 Be6 12. Qc2 Qd7 13. Ng5 Rb8 14. Nxe6 Qxe6 15.
Nb5 O-O 16. Nxa7 Nbd5 17. Bxe7 Nxe7 18. Nb5 Qb6 19. Nc3 Nf5 20. Nd5 Nd4 21. Qd2
Qd6 22. O-O c6 23. Nc3 f5 24. Kh2 Rbe8 25. Rad1 Kh7 26. e3 Bh6 27. f4 exf4 28.
gxf4 Ne6 29. Qf2 Nc5 30. d4 Nd7 31. Bf3 Rxe3 32. Bxh5 Rfe8 33. Bf3 Bxf4+ 34. Kg2
Nf6 35. Rfe1 Qe7 36. Rxe3 Bxe3 37. Qc2 Qd6 38. d5 cxd5 39. Nxd5 Nxd5 40. Rxd5
Qf4 41. Rd7+ Kh6 42. Qc7 Qxc7 43. Rxc7 1/2-1/2

[Event "ch-RUS Girls 2014"]
[Site "Loo RUS"]
[Date "2014.04.24"]
[Round "9.2"]
[White "Grigoryeva, Olga A."]
[Black "Eryshkanova, Anastasiya"]
[Result "0-1"]
[WhiteTitle "WFM"]
[BlackTitle "WFM"]
[WhiteElo "2187"]
[BlackElo "2140"]
[WhiteFideId "24132594"]
[BlackFideId "24119059"]
[EventDate "2014.04.16"]

1. g3 e5 2. Bg2 Nc6 3. d3 d6 4. a3 Be6 5. e3 Qd7 6. h3 Be7 7. b3 f5 8. Ne2 Nf6
9. Bb2 d5 10. Nd2 Bd6 11. b4 Nd8 12. Nf3 Nf7 13. d4 e4 14. Ne5 Qe7 15. Nf4 Bc8
16. Nxf7 Qxf7 17. h4 Bd7 18. Bf1 a5 19. b5 a4 20. Qc1 c6 21. bxc6 bxc6 22. c4
O-O 23. Be2 Rfb8 24. c5 Bxf4 25. exf4 Bc8 26. Bc3 Ba6 27. Bxa6 Rxa6 28. Bb4 Ne8
29. O-O Nc7 30. Qe3 Ra7 31. Rfd1 h6 32. Rab1 Rab7 33. Qe2 Qf6 34. Qc2 Ne6 35.
Qxa4 Nxd4 36. Rxd4 Qxd4 37. Qxc6 Qd3 38. Re1 d4 39. Qd5+ Rf7 40. c6 Qc2 41. Qxd4
Qxc6 42. Rd1 Rc8 43. Qd5 Qxd5 44. Rxd5 Rc1+ 45. Kg2 Ra1 46. h5 Kh7 47. Re5 g6
48. hxg6+ Kxg6 49. Re6+ Kh5 50. Be7 Ra2 51. Bc5 Rc2 52. Bb4 Ra2 53. Bc5 Rd2 54.
Bb4 Rd5 55. Bd6 Rg7 56. Bb4 Rg6 57. Re5 Rxe5 58. fxe5 f4 59. Bd2 fxg3 60. fxg3
Re6 61. Bc3 Kg4 62. Kf2 Kf5 63. Ke3 h5 64. a4 Rg6 65. Be1 Kxe5 66. a5 Rc6 67.
Bd2 Rc4 68. Be1 Ra4 69. Bc3+ Kf5 70. Be1 Ra1 71. Bb4 Kg4 72. Bd6 Kf5 73. Bc7
Ra3+ 74. Ke2 Ke6 75. Kf2 Kd5 76. Bd8 Kd4 77. Ke2 Ra2+ 78. Ke1 Kd3 79. Kf1 e3 80.
Bf6 Rf2+ 0-1

[Event "ch-RUS Girls 2014"]
[Site "Loo RUS"]
[Date "2014.04.24"]
[Round "9.3"]
[White "Khlichkova, Tatiana"]
[Black "Bivol, Alina"]
[Result "1-0"]
[WhiteTitle "WFM"]
[BlackTitle "WIM"]
[WhiteElo "2215"]
[BlackElo "2245"]
[WhiteFideId "24145084"]
[BlackFideId "4100123"]
[EventDate "2014.04.16"]

1. d4 Nf6 2. Bg5 c5 3. Bxf6 gxf6 4. d5 Qb6 5. Qc1 Bg7 6. c3 d6 7. Nd2 Nd7 8. e4
Ne5 9. f4 Ng6 10. Nc4 Qc7 11. f5 Ne5 12. Nxe5 fxe5 13. g4 Bd7 14. Ne2 O-O-O 15.
Ng3 h5 16. Nxh5 Rxh5 17. gxh5 Rh8 18. Qg5 Bf8 19. Qh4 Qb6 20. O-O-O Ba4 21. Rd3
c4 22. Rh3 Bh6+ 23. Kb1 Bf4 24. Qg4 Kb8 25. Qg1 Qa6 26. Qf2 e6 27. h6 Rh7 28.
fxe6 fxe6 29. Rg1 Bxh6 30. Rxh6 1-0

[Event "ch-RUS Girls 2014"]
[Site "Loo RUS"]
[Date "2014.04.24"]
[Round "9.4"]
[White "Pustovoitova, Daria"]
[Black "Tomnikova, Lidia"]
[Result "1-0"]
[WhiteTitle "FM"]
[BlackTitle "WIM"]
[WhiteElo "2295"]
[BlackElo "2184"]
[WhiteFideId "4182146"]
[BlackFideId "4113110"]
[EventDate "2014.04.16"]

1. d4 Nf6 2. c4 e6 3. g3 d5 4. Nf3 Be7 5. Bg2 O-O 6. O-O dxc4 7. Qc2 a6 8. a4
Bd7 9. Rd1 Bc6 10. Nc3 a5 11. e4 Na6 12. Ne5 Nb4 13. Qe2 Nd3 14. Nxc4 Nxc1 15.
Raxc1 Qe8 16. b3 Bb4 17. Ne5 Bd7 18. Na2 Bd6 19. Nxd7 Qxd7 20. e5 Ba3 21. exf6
Bxc1 22. fxg7 Rfd8 23. Nxc1 c5 24. d5 Re8 25. Qc4 exd5 26. Bxd5 Rad8 27. Ne2
Kxg7 28. Nf4 Qf5 29. Qxc5 Re4 30. Qxa5 Rd6 31. Qc3+ f6 32. Qc7+ Rd7 33. Bxe4 1-0

[Event "ch-RUS Girls 2014"]
[Site "Loo RUS"]
[Date "2014.04.24"]
[Round "9.5"]
[White "Styazhkina, Anna"]
[Black "Baraeva, Irina"]
[Result "1-0"]
[WhiteTitle "WIM"]
[BlackTitle "WIM"]
[WhiteElo "2232"]
[BlackElo "2135"]
[WhiteFideId "24119300"]
[BlackFideId "24142565"]
[EventDate "2014.04.16"]

1. e4 e6 2. d4 d5 3. Nc3 Nf6 4. Bd3 dxe4 5. Nxe4 Nbd7 6. Qe2 c5 7. Nxf6+ Nxf6 8.
dxc5 Bxc5 9. Nf3 O-O 10. Bg5 Qa5+ 11. c3 Be7 12. O-O Nd5 13. Qe4 g6 14. Bh6 Rd8
15. Ne5 Bf6 16. f4 Qc5+ 17. Kh1 b6 18. Bg5 Rb8 19. c4 Ne3 20. b4 Bb7 21. bxc5
Bxe4 22. Bxe4 Bxg5 23. Rf3 Rd4 24. fxg5 Rxe4 25. Nd7 Nc2 26. Rc1 Rd8 27. Nf6+ 1-0